Statistiques concernant Vérone - Culture générale

Cliquez ici pour prendre le quiz!

Statistiques générales

  • Ce quiz a été pris 138 fois
  • Le résultat moyen est 9 sur 16

Statistiques - réponses

InformationRéponse% Correct
Civilisation qui le bâti au 1er siècle av. J.-C.Romains
97%
Nom de la ville en italienVerona
97%
Pièce de théâtre avec une déclaration au balcon et un amour impossibleRoméo et Juliette
94%
Auteur anglais de cette histoireWilliam Shakespeare
93%
Poète par excellence de la langue italienne et auteur de la Divine Comédie, qui y vécutDante Alighieri
66%
Famille de l'un ou de l'autre des protagonisteMontaigu / Capulet
62%
Région italienne dans laquelle la ville se trouveVénétie
61%
Cité et République sous laquelle la ville connue son âge d'or (1405 à 1796)Venise
60%
Club véronais de football qui évolue en Serie AHellas Vérone
43%
Compositeur qui, dans la légende, aurait organisé la mort de MozartAntonio Salieri
38%
Peintre de la Renaissance qui est nommé d'après le nom de sa villeVéronèse
38%
Club qui évoluait aussi au meilleur niveau mais a récemment disparuChievo Vérone
37%
Symbole de la ville dans lequel se déroule notamment des festivals de chantsArènes
33%
Fleuve qui traverse la villeAdige
19%
Plus vieux pont de la ville et toujours solidePont de {pierre}
18%
Ancien métier de Damiano Tommasi, l'actuel maire de VéroneFootballer
14%

Distribution des résultats

Percentile par nombre de réponses

% des personnes avec chaque résultat

Votre développement - résultats

Vous n’avez pas pris ce quiz